[Event "8th Paleochora Open 2015"]
[Site "Paleochora GRE"]
[Date "2015.07.19"]
[Round "4.12"]
[White "Werle,J"]
[Black "Papadimitriou,A"]
[Result "1-0"]
[WhiteElo "2532"]
[BlackElo "2277"]

1.d4 d5 2.c4 dxc4 3.e4 e5 4.Nf3 Bb4+ 5.Nbd2 c3 6.bxc3 Bxc3 7.Rb1 exd4 8.Bc4 Nh6
9.Ba3 Nd7 10.Qa4 c6 11.O-O Qa5 12.Qxa5 Bxa5 13.Nb3 Bd8 14.Nfxd4 Be7 15.Bxe7 Kxe7
16.Na5 Nb6 17.Bb3 Re8 18.f3 Kf8 19.Rfd1 Ng8 20.g4 Nf6 21.Bc2 g6 22.Kf2 Nfd7
23.Ndb3 Na4 24.Rd4 Ndb6 25.Nd2 Nc3 26.Rb2 c5 27.Rd3 Nba4 28.Rb3 Nxa2 29.Ra3 Nb4
30.Bxa4 Nxd3+ 31.Rxd3 Re7 32.Rd8+ Kg7 33.Nac4 Rc7 34.Nd6 Bd7 35.Rxa8 Bxa4
36.Rxa7 Bc6 37.Nb3 c4 38.Nxc4 Bxe4 39.fxe4 Rxc4 40.Nd2 Rb4 41.Ke3 Kf6 42.Ra5 Rb2
43.Rd5 Ke6 44.Nf3 h6 45.h4 Ke7 46.h5 Rb3+ 47.Rd3 Rb5 48.hxg6 fxg6 49.Kf4 Rb6
50.Nd4 Rb4 51.Ke5 h5 52.gxh5 gxh5 53.Rh3 Ra4 54.Nf5+  1-0

[Event "105 Jahre FC St. Pauli Op"]
[Site "Hamburg GER"]
[Date "2015.07.20"]
[Round "4.8"]
[White "Langheinrich,F"]
[Black "Michalczak,T"]
[Result "1-0"]
[WhiteElo "2376"]
[BlackElo "2191"]

1.d4 d5 2.c4 dxc4 3.e4 Nf6 4.e5 Nd5 5.Bxc4 Nb6 6.Bd3 Nc6 7.Ne2 Bg4 8.f3 Bh5
9.Nbc3 e6 10.a3 Qd7 11.Be3 O-O-O 12.Be4 f5 13.Bb1 g5 14.Bxg5 Be7 15.Bxe7 Qxe7
16.O-O Rhg8 17.Ba2 Nxe5 18.Nf4 Nbc4 19.Qc1 Rxd4 20.Nce2 Rd2 21.Bxc4 Qc5+
22.Kh1 Nxc4 23.b3 e5 24.bxc4 Qe3 25.Ra2 Rxe2 26.Nxe2  1-0

[Event "8th Paleochora Open 2015"]
[Site "Paleochora GRE"]
[Date "2015.07.22"]
[Round "7.23"]
[White "Papadopoulos,Geo3"]
[Black "Kadianis,Georgios"]
[Result "1-0"]
[WhiteElo "2267"]
[BlackElo "1965"]

1.d4 d5 2.c4 dxc4 3.e4 Nc6 4.Nf3 Bg4 5.Bxc4 Bxf3 6.Qxf3 e6 7.d5 Ne5 8.Bb5+ c6
9.Qc3 cxb5 10.Qxe5 Qf6 11.Qc7 Bb4+ 12.Bd2 Qxb2 13.O-O Nf6 14.Bxb4 Qxb4 15.Nc3 Nxe4
16.dxe6 O-O 17.Nd5 Qd6 18.Rad1 Qa3 19.Qe5 Nc5 20.e7 Rfe8 21.Nc7 Ne6 22.Nxa8 Qxe7
23.Qxb5 Rxa8 24.Rd7 Qf6 25.Rxb7 g6 26.Rb8+ Rxb8 27.Qxb8+ Kg7 28.Qxa7 Nd4
29.Qa3 Ne2+ 30.Kh1 Nf4 31.Qf3 g5 32.Re1 Qb2 33.a3 h5 34.h4  1-0

[Event "26th Czech Rapid G1 2015"]
[Site "Pardubice CZE"]
[Date "2015.07.22"]
[Round "3.26"]
[White "Raznikov,D"]
[Black "Vesely,L"]
[Result "1-0"]
[WhiteElo "2500"]
[BlackElo "2207"]

1.d4 d5 2.c4 dxc4 3.e4 e6 4.Bxc4 Nf6 5.Nc3 a6 6.Bg5 Be7 7.a4 h6 8.Be3 b6
9.e5 Nd5 10.Nxd5 exd5 11.Bd3 O-O 12.Ne2 f6 13.exf6 Bxf6 14.O-O Nc6 15.Rc1 Nb4
16.Bb1 Bg4 17.f3 Bh5 18.Nf4 Bf7 19.Nd3 Nxd3 20.Qxd3 Re8 21.Bf4 c5 22.dxc5 bxc5
23.Rxc5 Qb6 24.b4 Qxb4 25.Qh7+ Kf8 26.Bd6+ Be7 27.Qh8+ Bg8 28.Rxd5 Bxd6 29.Rf5+ Ke7
30.Qxg7+ Kd8 31.Be4 Be6 32.Qf6+ Be7 33.Rd1+ Kc7 34.Qe5+ Bd6 35.Rc1+ Kb6 36.a5+ Ka7
37.Rc7+ Kb8 38.Rb7+ Qxb7 39.Qxd6+ Qc7 40.Qb4+ Ka7 41.Qd4+ Kb8 42.Qb4+ Ka7
43.Qd4+ Kb8 44.Rc5 Ra7 45.Rxc7 Rxc7 46.Qb6+ Kc8 47.Qxa6+ Kd7 48.Qb5+ Ke7
49.a6 Bc4 50.Qe5+ Kd7 51.Bf5+ Be6 52.Qd5+ Kc8 53.Bxe6+ Kb8 54.Qb5+  1-0

[Event "41st Sitges Open 2015"]
[Site "Sitges ESP"]
[Date "2015.07.22"]
[Round "1.4"]
[White "Forcen Esteban,D"]
[Black "Glimbrant,T"]
[Result "1-0"]
[WhiteElo "2539"]
[BlackElo "2197"]

1.d4 d5 2.c4 dxc4 3.e4 Nf6 4.e5 Nd5 5.Bxc4 Nb6 6.Bd3 Nc6 7.Ne2 Bg4 8.f3 Be6
9.Nbc3 Qd7 10.Ne4 Bd5 11.N4c3 e6 12.Nxd5 Nxd5 13.a3 f6 14.f4 O-O-O 15.Be4 Nb6
16.Be3 f5 17.Bf3 Nd5 18.Bf2 g5 19.fxg5 h6 20.g6 Rg8 21.O-O Nce7 22.Bh4 Rxg6
23.Bxe7 Bxe7 24.Bxd5 exd5 25.Ng3 Rdg8 26.Qf3 f4 27.Qxf4 Bg5 28.Qf3 a5 29.Kh1 Kb8
30.Ne2 h5 31.Rf2 Bh4 32.g3 Bg5 33.Qxh5 Be3 34.Rg2 Rg4 35.Rf1 Qc6 36.Qf7 a4
37.Rf3 Qh6 38.Qxd5 Qh7 39.Rxe3  1-0

[Event "26th Czech Rapid G1 2015"]
[Site "Pardubice CZE"]
[Date "2015.07.23"]
[Round "7.7"]
[White "Zidek,V"]
[Black "Toporkova,S"]
[Result "1-0"]
[WhiteElo "2184"]
[BlackElo "1953"]

1.d4 d5 2.c4 dxc4 3.e4 e5 4.Nf3 exd4 5.Bxc4 c5 6.Qb3 Qc7 7.Ng5 Nh6 8.O-O Bd6
9.f4 O-O 10.Qc2 Be7 11.f5 Nc6 12.h3 Ne5 13.Nf3 Nxc4 14.Qxc4 Kh8 15.Bxh6 gxh6
16.Nxd4 Qg3 17.Nf3 Rg8 18.Rf2 f6 19.Nc3 Qg7 20.Nd5 Bd6 21.Rd1 Bg3 22.Rfd2 b5
23.Qxc5 Bb7 24.Qxb5 Rab8 25.Qc5 Rgd8 26.Qxa7 Ra8 27.Qb6 Rac8 28.Nc3 Rxd2
29.Rxd2 Bf4 30.Rd8+ Rxd8 31.Qxd8+ Qg8 32.Qxf6+ Qg7 33.Qd8+ Qg8 34.Qd4+ Qg7
35.f6 Qf7 36.Qd8+ Qg8 37.Qe7 Be3+ 38.Kh1 Qb8 39.Qg7+  1-0

[Event "26th Czech Rapid G1 2015"]
[Site "Pardubice CZE"]
[Date "2015.07.23"]
[Round "7.8"]
[White "Zpevakova,J"]
[Black "Vesely,L"]
[Result "1/2-1/2"]
[WhiteElo "2030"]
[BlackElo "2207"]

1.d4 d5 2.c4 dxc4 3.e4 e6 4.Bxc4 a6 5.Nf3 b5 6.Bb3 Bb7 7.Qe2 Nf6 8.Bg5 Be7
9.Nbd2 h6 10.Bxf6 Bxf6 11.e5 Be7 12.O-O Nd7 13.Ne4 c5 14.dxc5 Nxc5 15.Nxc5 Bxc5
16.Rad1 Qe7 17.Bc2 O-O 18.Nd2 Rfd8 19.Ne4 Bxe4 20.Qxe4 g6 21.h4 h5 22.g3 Kg7
23.Kg2 Rxd1 24.Rxd1 Rd8 25.Qe2 Rd7 26.b3 Qd8 27.Rxd7 Qxd7 28.Qd3 Qc7 29.Qe4 Ba7
30.Bd1 Bb8 31.a4 Qxe5 32.Qxe5+ Bxe5 33.axb5 axb5 34.Be2 b4 35.Bc4 Bd4 36.f3 Kf6
37.Kf1 g5 38.hxg5+ Kxg5 39.Kg2 Bc5 40.f4+ Kf5 41.Bd3+ Kf6 42.Kf3 Bd6 43.Bc4 Bc7
44.Bd3 Bd8 45.Bc4  1/2-1/2

[Event "26th Czech Rapid G1 2015"]
[Site "Pardubice CZE"]
[Date "2015.07.23"]
[Round "9.23"]
[White "Lagashin,P"]
[Black "Darnell,Anton"]
[Result "1/2-1/2"]
[WhiteElo "2084"]
[BlackElo "1919"]

1.d4 d5 2.c4 dxc4 3.e4 b5 4.a4 c6 5.b3 e5 6.axb5 cxb5 7.d5 Nf6 8.Qc2 Bc5
9.bxc4 b4 10.Bd3 O-O 11.h3 Nbd7 12.Nf3 Bb7 13.Nbd2 Qb6 14.Nb3 Rfe8 15.O-O a5
16.Nxc5 Nxc5 17.Be3 Qd6 18.Nd2 Nfd7 19.Rfb1 Reb8 20.Be2 Bc8 21.Bg4 Nf6 22.Bxc8 Rxc8
23.f3 Nfd7 24.Kh2 Rcb8 25.Nb3 h6 26.Rxa5 Rxa5 27.Nxa5 Ra8 28.Nb3 Ra3 29.Nxc5 Nxc5
30.Bxc5 Qxc5 31.Qb2 b3 32.Qxe5 Qxc4 33.Qe8+ Kh7 34.Qxf7 Qc2 35.Qf5+ Kg8 36.Qe6+ Kh7
37.Rg1 b2 38.Qf5+ Kg8 39.Qe6+ Kh7 40.Qb6 Rb3 41.Qe6 b1=Q 42.Qf5+ Kg8 43.Rxb1 Rxb1
44.Qe6+ Kh7 45.Qf5+ Kg8 46.Qe6+ Kf8 47.Qd6+ Ke8 48.Qe6+ Kf8 49.Qd6+ Ke8 50.Qg6+ Kf8
51.Qd6+ Ke8  1/2-1/2

[Event "9th Leiden Open A 2015"]
[Site "Leiden NED"]
[Date "2015.07.24"]
[Round "7.1"]
[White "Howell,D"]
[Black "Das,Arg"]
[Result "1-0"]
[WhiteElo "2698"]
[BlackElo "2457"]

1.d4 d5 2.c4 dxc4 3.e4 b5 4.a4 c6 5.Nc3 a6 6.axb5 cxb5 7.Nxb5 axb5 8.Rxa8 Bb7
9.Ra1 e6 10.Be2 Nf6 11.Nf3 Nxe4 12.O-O Nc6 13.b3 Na5 14.Bxc4 bxc4 15.bxc4 Nc3
16.Qd3 Bb4 17.d5 Nb3 18.Ba3 Nc5 19.Qe3 Qa5 20.Bb2 N3a4 21.Bxg7 Rg8 22.Bd4 Rg4
23.Rfb1 Re4 24.Qg5 Rxd4 25.Nxd4 Bc3 26.Qg8+ Ke7 27.Rxb7+  1-0

[Event "ch-Francophonie 2015"]
[Site "Montreal CAN"]
[Date "2015.07.24"]
[Round "8.8"]
[White "Sarkar,J"]
[Black "Jacquet,S"]
[Result "1/2-1/2"]
[WhiteElo "2411"]
[BlackElo "2008"]

1.d4 d5 2.c4 dxc4 3.e4 e5 4.Nf3 exd4 5.Bxc4 Bb4+ 6.Nbd2 Nc6 7.O-O Nf6 8.e5 Nd5
9.Nb3 Bg4 10.Nbxd4 O-O 11.Nxc6 bxc6 12.h3 Be6 13.Ng5 Qe7 14.Nxe6 Qxe6 15.Qd4 Ba5
16.Rd1 Rad8 17.Bg5 Bb6 18.Qg4 Rde8 19.Qxe6 fxe6 20.Be3 Bxe3 21.fxe3 Nxe3
22.Rdc1 Nxc4 23.Rxc4 Rd8 24.Rxc6 Rd2 25.Rxc7 Rff2 26.Rc8+ Kf7 27.Rf1 Rxf1+
28.Kxf1 Rxb2 29.Rc7+ Kg6 30.Rxa7 Rb5 31.a4 Rxe5 32.a5 Re3 33.a6 Ra3 34.Ra8 Ra2
35.a7 e5 36.Re8 Rxa7  1/2-1/2

[Event "33rd Andorra Open 2015"]
[Site "Erts AND"]
[Date "2015.07.26"]
[Round "9.5"]
[White "Vovk,Y"]
[Black "Gozzoli,Y"]
[Result "1-0"]
[WhiteElo "2632"]
[BlackElo "2567"]

1.d4 d5 2.c4 dxc4 3.e4 b5 4.a4 c6 5.b3 e5 6.Nf3 Bg4 7.bxc4 Nf6 8.cxb5 Bb4+
9.Bd2 Bxf3 10.gxf3 Qxd4 11.Bxb4 Qxb4+ 12.Nd2 O-O 13.Qb3 Qa5 14.Rc1 cxb5 15.Qxb5 Qxb5
16.axb5 Nbd7 17.Rc6 Nb6 18.Rg1 Nfd7 19.Bh3 Rfc8 20.Ke2 Rxc6 21.bxc6 Nc5 22.Ke3 Kf8
23.Rc1 Ne6 24.Bxe6 fxe6 25.f4 exf4+ 26.Kxf4 Ke7 27.Ke5 Rc8 28.Nb3 Rc7 29.h4 g6
30.f3 Rc8 31.f4 Rc7 32.h5 Rc8 33.h6 Rc7 34.f5 gxf5 35.exf5 exf5 36.Nd4 Ke8
37.Rg1 Re7+ 38.Kxf5 Rf7+ 39.Ke5 Re7+ 40.Ne6 Nc4+ 41.Kf5 Rf7+ 42.Ke4 Re7 43.Kf5 Rf7+
44.Kg5 Ke7 45.Re1 Kd6 46.Nd8 Rf2 47.Rc1 Nb6 48.Ra1 Kc7 49.Ne6+ Kxc6 50.Rxa7 Nd7
51.Nf4 Kd6 52.Ra8 Nc5 53.Kg4 Rh2 54.Nh3 Rg2+ 55.Kf5 Rh2 56.Ng5 Rf2+ 57.Kg4 Rg2+
58.Kh4 Ke7 59.Ra7+ Nd7 60.Nxh7 Rh2+ 61.Kg5 Rg2+ 62.Kf5 Rf2+ 63.Kg6 Kd6 64.Ra6+ Ke7
65.Ng5 Nf8+ 66.Kg7 Rg2 67.Ra7+ Nd7 68.Ra5 Nf8 69.Re5+ Kd6 70.Kxf8 Kxe5 71.h7 Rxg5
72.h8=Q+ Kf5 73.Kf7 Kf4 74.Qd4+ Kf5 75.Qf2+ Ke4 76.Kf6 Rd5 77.Qe2+ Kd4 78.Ke6 Rc5
79.Qd2+ Kc4 80.Kd6 Rb5 81.Qc2+ Kb4 82.Kc6 Ra5 83.Qd2+ Ka4 84.Qb2 Rh5 85.Qd4+ Ka3
86.Qe3+ Kb4 87.Qf4+  1-0

[Event "Politiken Cup 2015"]
[Site "Helsingor DEN"]
[Date "2015.07.26"]
[Round "3.28"]
[White "Sjodahl,P"]
[Black "Eriksson,C"]
[Result "1-0"]
[WhiteElo "2425"]
[BlackElo "2175"]

1.d4 d5 2.c4 dxc4 3.e4 Nf6 4.e5 Nd5 5.Bxc4 Nb6 6.Bd3 Nc6 7.Be3 Nb4 8.Be4 f5
9.a3 N4d5 10.Bd3 g6 11.Nc3 Be6 12.Qf3 c6 13.Nge2 Bg7 14.Qg3 Nxc3 15.bxc3 Nd5
16.Bd2 b5 17.h4 Rg8 18.h5 gxh5 19.Qf3 Qd7 20.Rxh5 f4 21.Nxf4 Nxf4 22.Qxf4 O-O-O
23.Rxh7 Bf8 24.Kf1 Rg4 25.Qe3 c5 26.Qf3 Kc7 27.Qe2 a6 28.f3 Rg8 29.Be3 Bg7
30.a4 bxa4 31.Bxa6 Rb8 32.Bc4 Qc6 33.Bxe6 Qxe6 34.Kf2 Qc6 35.Rhh1 Rb3 36.Rhc1 c4
37.Ra2 e6 38.d5 exd5 39.Bd4 Bh6 40.Rh1 Rgb8 41.e6 a3 42.Rxh6 Re8 43.Qe5+ Kc8
44.Ke3  1-0

[Event "6th Terre degli Elimi"]
[Site "Erice ITA"]
[Date "2015.07.28"]
[Round "1.9"]
[White "Kholopov,A"]
[Black "Arnetta,MariaT"]
[Result "1-0"]
[WhiteElo "2329"]
[BlackElo "2012"]

1.d4 d5 2.c4 dxc4 3.e4 e5 4.Nf3 Nf6 5.Bxc4 Nxe4 6.O-O Nd6 7.Bb3 e4 8.Ne5 Be7
9.Nc3 O-O 10.f3 e3 11.Bxe3 Nd7 12.Bf2 c6 13.Re1 Nf5 14.a3 Nxe5 15.dxe5 Qa5
16.Qe2 Bc5 17.Rad1 Bxf2+ 18.Qxf2 Be6 19.Bxe6 fxe6 20.Rd7 Rf7 21.Red1 Raf8
22.Rxf7 Rxf7 23.f4 Ne7 24.Qd4 Nd5 25.Nxd5 Qxd5 26.g3 Rd7 27.Qxd5 cxd5 28.Rc1 Kf7
29.Kf2 Kg6 30.g4 h5 31.h3 hxg4 32.hxg4 Kf7 33.Ke3 Ke7 34.Kd4 g6 35.Rh1 Kf8
36.f5 gxf5 37.gxf5 exf5 38.Rf1 Rf7 39.e6 Rf6 40.Kxd5 f4 41.Kd6 Rf5 42.Rh1 Kg7
43.e7  1-0

[Event "Politiken Cup 2015"]
[Site "Helsingor DEN"]
[Date "2015.07.28"]
[Round "5.96"]
[White "Alfven,Jorgen"]
[Black "Vovk,Ok"]
[Result "1/2-1/2"]
[WhiteElo "1932"]
[BlackElo "2127"]

1.d4 d5 2.c4 dxc4 3.e4 e5 4.Nf3 exd4 5.Bxc4 Nc6 6.O-O Be6 7.Bb5 Bc5 8.Bxc6+ bxc6
9.Qa4 Ne7 10.Rd1 d3 11.Qa6 Qb8 12.Qxd3 O-O 13.Nc3 a5 14.Na4 Bb6 15.Bf4 Ng6
16.Bg3 Ba7 17.Qc3 Qb7  1/2-1/2

[Event "TCh-TUR First League 2015"]
[Site "Konya TUR"]
[Date "2015.07.28"]
[Round "6.3"]
[White "Korobov,A"]
[Black "Rzayev,B"]
[Result "1-0"]
[WhiteElo "2699"]
[BlackElo "2406"]

1.d4 d5 2.c4 dxc4 3.e4 Nf6 4.e5 Nd5 5.Bxc4 Nb6 6.Bb3 Nc6 7.Be3 Bf5 8.Ne2 e6
9.Nbc3 Qd7 10.O-O O-O-O 11.Rc1 Kb8 12.Na4 f6 13.exf6 gxf6 14.Nc5 Bxc5 15.Rxc5 Be4
16.Nc3 Bf5 17.Qf3 Nxd4 18.Bxd4 Qxd4 19.Rxc7 Be4 20.Nxe4 Kxc7 21.Rc1+ Kb8
22.Nc5 Rd5 23.Bxd5 Qxd5 24.Qxf6 Rc8 25.b4 Nd7 26.Qf4+ Ka8 27.Nxe6 Rxc1+ 28.Qxc1 Qc6
29.Qxc6 bxc6 30.g4 Kb7 31.Nc5+  1-0

[Event "26th Czech Open A 2015"]
[Site "Pardubice CZE"]
[Date "2015.07.28"]
[Round "5.1"]
[White "Laznicka,V"]
[Black "Popilski,G"]
[Result "1-0"]
[WhiteElo "2657"]
[BlackElo "2519"]

1.d4 d5 2.c4 dxc4 3.e4 e5 4.Nf3 Nf6 5.Nbd2 exd4 6.Bxc4 Be7 7.e5 Nd5 8.Qb3 c6
9.Nxd4 O-O 10.N2f3 Bb4+ 11.Ke2 Bg4 12.h3 Bh5 13.Rd1 Qb6 14.g4 Bg6 15.Nf5 a5
16.Bxd5 cxd5 17.a3 Qa6+ 18.Qd3 Bc5 19.Qxa6 Nxa6 20.Rxd5 Rfe8 21.Be3 b6 22.Rad1 f6
23.Rd7 Bf8 24.exf6 gxf6 25.Rb7 Nc5 26.Rxb6 Na4 27.Rxf6 Nxb2 28.Rd7 Rad8 29.Rxd8 Rxd8
30.Bd4 Nc4 31.a4 Rd5 32.Rc6 Bxf5 33.gxf5 Nd6 34.f6 Nf5 35.Bc3  1-0

[Event "24th Kavala Open 2015"]
[Site "Kavala GRE"]
[Date "2015.08.05"]
[Round "2.12"]
[White "Stopa,Ja"]
[Black "Djingarova,E"]
[Result "0-1"]
[WhiteElo "2544"]
[BlackElo "2287"]

1.d4 d5 2.c4 dxc4 3.e4 Nc6 4.Nf3 Nf6 5.Nc3 Bg4 6.d5 Ne5 7.Bf4 Nfd7 8.Be2 Bxf3
9.gxf3 g6 10.Bxe5 Nxe5 11.f4 Nd3+ 12.Bxd3 cxd3 13.Qa4+ Qd7 14.Qd4 d2+ 15.Kxd2 f6
16.Ke3 Bh6 17.Rad1 O-O 18.h4 Rad8 19.Qc4 Qd6 20.Ke2 Kh8 21.h5 Qxf4 22.hxg6 hxg6
23.Rd3 Kg7 24.Rdh3 Rh8 25.Qc5 Qe5 26.Qxa7 c6 27.Qb6 Rd6 28.dxc6 bxc6 29.Kf1 c5
30.Qb7 Rd2 31.b3 c4 32.bxc4 Rb8 33.Qa7 Rc2 34.Rf3 Rxc3 35.Rxc3 Rb1+ 36.Kg2 Qxe4+
37.f3 Rb2+ 38.Kh3 Qf5+  0-1

[Event "TCh-TUR Super League 2015"]
[Site "Kocaeli TUR"]
[Date "2015.08.05"]
[Round "2.4"]
[White "Gyokbulut,Julia"]
[Black "Yildiz,B"]
[Result "0-1"]
[WhiteElo "1975"]
[BlackElo "2345"]

1.d4 d5 2.c4 dxc4 3.e4 Nf6 4.e5 Nd5 5.Bxc4 Nb6 6.Bb3 Nc6 7.Nf3 Bg4 8.Be3 e6
9.Nc3 Qd7 10.O-O O-O-O 11.h3 Bh5 12.Ne4 Qe8 13.g4 Bg6 14.Ng3 h5 15.Bc2 Bxc2
16.Qxc2 hxg4 17.hxg4 Nd5 18.Qe4 g6 19.Bg5 Be7 20.Bxe7 Qxe7 21.a3 f5 22.exf6 Nxf6
23.Qf4 Nd5 24.Qg5 Qh7 25.Rfd1 Rdf8 26.Rd3 Nf4 27.Qb5 Qh3  0-1

[Event "TCh-TUR Super League 2015"]
[Site "Kocaeli TUR"]
[Date "2015.08.08"]
[Round "6.1"]
[White "Moiseenko,A1"]
[Black "Annaberdiev,M"]
[Result "1-0"]
[WhiteElo "2710"]
[BlackElo "2417"]

1.d4 d5 2.c4 dxc4 3.e4 Nf6 4.e5 Nd5 5.Bxc4 Nb6 6.Bd3 Nc6 7.Ne2 Bg4 8.Be3 Qd7
9.Nbc3 O-O-O 10.O-O Nxe5 11.Bb5 Nc6 12.h3 Bh5 13.Rc1 e5 14.Qb3 Bxe2 15.Nxe2 Qd5
16.Bxc6 Qxb3 17.axb3 exd4 18.Nxd4 bxc6 19.Nxc6 Rd5 20.Ra1 Kd7 21.Rfc1 Bd6
22.Rxa7 Rb5 23.b4 Nc8 24.Ra5 Rb7 25.b5 Re8 26.Rd1 f6 27.b3 Re4 28.Ra4 Re8
29.Ra5 Re4 30.Bc5 Re2 31.Be3 Rc2 32.Nb4 Rb2 33.Nd3 Rc2 34.Nc5+  1-0

[Event "2nd Prague Summer Open"]
[Site "Prague CZE"]
[Date "2015.08.08"]
[Round "2.10"]
[White "Ilandzis,S"]
[Black "Nilsen,Jo"]
[Result "0-1"]
[WhiteElo "2178"]
[BlackElo "2362"]

1.d4 d5 2.c4 dxc4 3.e4 Nc6 4.d5 Ne5 5.f4 Nd3+ 6.Bxd3 cxd3 7.Qxd3 e6 8.Nf3 Nf6
9.Nc3 exd5 10.exd5 Bd6 11.O-O O-O 12.Ne5 Re8 13.Be3 Nd7 14.Nxd7 Bxd7 15.f5 Qh4
16.h3 Rad8 17.Qd4 Qxd4 18.Bxd4 a6 19.f6 g6 20.Rae1 Bg3 21.Re7 Bd6 22.Ree1 Bf5
23.a3 Bd3 24.Rxe8+ Rxe8 25.Rf3 Bc4 26.Kf2 b5 27.g4 Rb8 28.b4 Ra8 29.Re3 h6
30.Bc5 Rd8 31.h4 g5 32.hxg5 hxg5 33.Bxd6 Rxd6 34.Re5 Rxf6+ 35.Ke3 Kf8 36.Rxg5 Rf1
37.Kd4 Ra1 38.a4 Ra3 39.Rf5 Rb3 40.axb5 axb5 41.g5 Kg7 42.d6 cxd6 43.Rf6 Be6
44.Nd5 Rb1 45.Nf4 Rxb4+ 46.Ke3 Rb1 47.Nxe6+ fxe6 48.Kd2 Rb2+ 49.Kd3 Rb1 50.Kd2 Rb4
51.Rxe6 Rd4+ 52.Kc3 Rd5 53.Kb4 Kf7 54.Rf6+ Ke7 55.Rg6 Kd7 56.Rg8 Kc6 57.Rc8+ Kb7
58.Rg8 Kb6 59.Rb8+ Kc6 60.Rc8+ Kd7 61.Rg8 Kc7 62.Ka5 Rf5 63.Kb4 Kc6 64.Rc8+ Kd5
65.Kxb5 Rxg5 66.Kb4 Kd4 67.Kb3 Rb5+ 68.Ka2 d5 69.Rh8 Kc4 70.Rc8+ Kd3 71.Rh8 d4
72.Rh3+ Kc2 73.Rh2+ Kc3 74.Rh8 d3 75.Rc8+ Kd2 76.Rd8 Kc2 77.Rc8+ Kd1 78.Rd8 d2
79.Rc8 Re5 80.Kb2 Ke1  0-1

[Event "SS Manhem GM 2015"]
[Site "Gothenburg SWE"]
[Date "2015.08.10"]
[Round "4.1"]
[White "Hillarp Persson,T"]
[Black "Westerberg,J"]
[Result "0-1"]
[WhiteElo "2541"]
[BlackElo "2464"]

1.d4 d5 2.c4 dxc4 3.e4 Nf6 4.e5 Nd5 5.Bxc4 Nb6 6.Bd3 Nc6 7.Ne2 Bg4 8.f3 Be6
9.Nbc3 Qd7 10.Ne4 Bd5 11.Nc5 Qc8 12.a3 e6 13.Qc2 Bxc5 14.Qxc5 Qd7 15.Be3 Ne7
16.Nf4 h5 17.h4 Bc6 18.Bf2 Nbd5 19.Ne2 b6 20.Qc4 a6 21.Qc1 Bb5 22.Be4 O-O-O
23.b3 a5 24.b4 axb4 25.axb4 Kb7 26.Be3 Ra8 27.Nf4 Rxa1 28.Qxa1 Bc4 29.Kf2 Ra8
30.Qc1 Ra2+ 31.Kg3 Qb5 32.Nxh5 g6 33.Nf6 Bd3 34.Bxd5+ exd5 35.Kh3 Rc2 36.Qa3 Bf1
37.Rg1 Rxg2 38.Rxg2 Qe2 39.Kg4 Qxg2+ 40.Kf4 g5+  0-1

[Event "23rd Troya Open 2015"]
[Site "Canakkale TUR"]
[Date "2015.08.11"]
[Round "5.25"]
[White "Hadjiyev,S"]
[Black "Erke,M"]
[Result "0-1"]
[WhiteElo "1945"]
[BlackElo "1753"]

1.d4 d5 2.c4 dxc4 3.e4 b5 4.a4 c6 5.b3 e5 6.Nf3 Bg4 7.bxc4 Bb4+ 8.Bd2 Bxf3
9.Qxf3 Qxd4 10.Bxb4 Qxa1 11.Bd3 Qxa4 12.Bd6 bxc4 13.O-O cxd3 14.Qg3 Nd7 15.Qxg7 O-O-O
16.Qxh8 Qxe4 17.Qg7 Ndf6 18.Bc5 d2 19.Nxd2 Rxd2 20.Qxf7 Qd5 21.Qxa7 Rd1 22.Qa8+ Kd7
23.Qb7+ Ke6 24.Qc8+ Qd7 25.Qa6 Ne4 26.Be3 Rxf1+ 27.Qxf1 Qd5 28.h3 c5 29.Qa6+ Nd6
30.Qa7 c4 31.Qxh7 Nf6 32.Qh8 Qd1+ 33.Kh2 Qh5 34.Qg7 Nf5 35.Qc7 Ng4+ 36.Kg1 Ngxe3
37.fxe3 Qd1+ 38.Kh2 Nd6 39.h4 Qd2 40.h5 Qxe3 41.Qg7 Qf4+ 42.g3 Qf2+ 43.Kh3 Qf1+
44.Kh2 Qe2+  0-1

[Event "TCh-TUR Super League 2015"]
[Site "Kocaeli TUR"]
[Date "2015.08.11"]
[Round "8.6"]
[White "Tarlabasi,Emirhan"]
[Black "Dedebas,Emre Emin"]
[Result "0-1"]
[WhiteElo "2004"]
[BlackElo "1975"]

1.d4 d5 2.c4 dxc4 3.e4 c5 4.d5 Nf6 5.Nc3 b5 6.Bf4 Qa5 7.a4 Nxe4 8.Ne2 Nd6
9.axb5 Qd8 10.Ng3 Nd7 11.Bxd6 exd6 12.Bxc4 Nb6 13.Bd3 Be7 14.Qc2 g6 15.O-O O-O
16.Rfe1 Bf6 17.Qd2 Bb7 18.Be4 Be5 19.Bf3 Bg7 20.Qd3 Nd7 21.Be2 Bd4 22.Qd2 Ne5
23.Bd1 Nc4 24.Qe2 Re8 25.Qxe8+ Qxe8 26.Rxe8+ Rxe8 27.Be2 Nxb2 28.Rxa7 Bxc3
29.Rxb7 Be5 30.Bf1 c4 31.Rc7 Rb8 32.Bxc4 Nxc4 33.Rxc4 Rxb5 34.f4 Bb2 35.Rc2 Bd4+
36.Kf1 Kg7 37.Ne4 Rb6 38.Rc6 Rb1+ 39.Ke2 Rb2+ 40.Kf3 Rb3+ 41.Ke2 Re3+ 42.Kd2 Rxe4
43.Kd3 Rxf4 44.g3 Rg4 45.Rc4 Kf6 46.Rxd4 Rxd4+ 47.Kxd4 Kf5 48.h3 h5 49.Ke3 Ke5
50.Kf3 Kxd5 51.Kf4 Ke6 52.Ke4 d5+ 53.Kd4 Kd6 54.h4 f6 55.Kd3 Ke5 56.Ke3 d4+
57.Kd3 Kd5 58.Kd2 Ke4 59.Ke2 d3+ 60.Kd2 Ke5  0-1

[Event "TCh-TUR Super League 2015"]
[Site "Kocaeli TUR"]
[Date "2015.08.12"]
[Round "10.6"]
[White "Albay,K"]
[Black "Yildiz,B"]
[Result "0-1"]
[WhiteElo "1864"]
[BlackElo "2345"]

1.d4 d5 2.c4 dxc4 3.e4 b5 4.a4 c6 5.axb5 cxb5 6.b3 e5 7.d5 Nf6 8.f3 Bc5 9.Qc2 Qb6
10.bxc4 Bxg1 11.Rxg1 Qxg1 12.Ba3 Qe3+ 13.Be2 bxc4 14.Qa4+ Nfd7 15.Nd2 f6
16.Nxc4 Qc3+ 17.Kf2 Qxa1 18.Nd6+ Kf8 19.Nf5+ Kf7 20.d6 Nb6 21.Qb3+ Be6  0-1

[Event "16th Miquel Mas Open 2015"]
[Site "Castell de Sant Ferran ESP"]
[Date "2015.08.15"]
[Round "6.5"]
[White "Huerga Leache,M"]
[Black "Ventura Bolet,M"]
[Result "1-0"]
[WhiteElo "2436"]
[BlackElo "2069"]

1.d4 d5 2.c4 dxc4 3.e4 Nf6 4.e5 Nd5 5.Bxc4 Nb6 6.Bb3 Nc6 7.Ne2 Bf5 8.Nbc3 e6
9.O-O Qd7 10.Be3 O-O-O 11.Qc1 Kb8 12.Rd1 Be7 13.Bg5 f6 14.exf6 gxf6 15.Bf4 Nb4
16.Qd2 Rhg8 17.Bg3 h5 18.a4 a6 19.a5 N6d5 20.Ba4 Qc8 21.Ra3 Ka8 22.Rc1 Nxc3
23.Raxc3 c6 24.Rc4 Nd3 25.Rxc6 Nxc1 26.Rxc8+ Rxc8 27.Nxc1 h4 28.Bf4 h3 29.g3 e5
30.Be3 exd4 31.Qxd4 Bc5 32.Qxc5 Rxc5 33.Bxc5 Rd8 34.Kf1 Bg4 35.Ke1 Rd5 36.b4 Re5+
37.Kd2 Rd5+ 38.Nd3  1-0

[Event "18th Olomouc Open Seniors"]
[Site "Olomouc CZE"]
[Date "2015.08.15"]
[Round "1.7"]
[White "Prachar,J"]
[Black "Pindura,Vladimir"]
[Result "1-0"]
[WhiteElo "1899"]
[BlackElo "1629"]

1.d4 d5 2.c4 dxc4 3.e4 Nf6 4.e5 Nd5 5.Bxc4 e6 6.a3 c5 7.Nf3 Be7 8.O-O cxd4
9.Qxd4 Nc6 10.Qg4 O-O 11.Bh6 g6 12.Bxf8 Bxf8 13.Nc3 Nxc3 14.bxc3 Bd7 15.Rfd1 Qe7
16.a4 Rd8 17.Rab1 b6 18.Bb5 Bg7 19.Qe4 Nb8 20.Qb7 Bf8 21.Qxa7 Bxb5 22.Qxe7 Rxd1+
23.Rxd1 Bxe7 24.axb5 Kf8 25.Ra1 Nd7 26.Kf1 Ke8 27.Ra8+ Bd8 28.Ke2 h6 29.Ke3 Ke7
30.Ra7 Ke8 31.Ra8 Ke7 32.Rc8 Ke8 33.Kd4 Ke7 34.Nd2 g5 35.Ne4 Nf8 36.Nd6 Kd7
37.Rxd8+ Kxd8 38.Nxf7+ Ke7 39.Nxh6 Nd7 40.Ng4 Kf7 41.Ne3 Kg6 42.g4 Nc5 43.Nc4 Nd7
44.Nd6 Kg7 45.c4 Kf8 46.Ne4  1-0

[Event "Vienna Open 2015"]
[Site "Vienna AUT"]
[Date "2015.08.15"]
[Round "1.25"]
[White "Simonetto,Adriano"]
[Black "Salomon,J"]
[Result "0-1"]
[WhiteElo "2065"]
[BlackElo "2439"]

1.d4 d5 2.c4 dxc4 3.e4 Nf6 4.e5 Nd5 5.Bxc4 Nb6 6.Bb3 Bf5 7.Nf3 e6 8.Bg5 Be7
9.Bxe7 Qxe7 10.Nc3 O-O 11.O-O Rd8 12.a4 a5 13.Nb5 Nc6 14.Rc1 Rd7 15.Qe2 Qb4
16.Qe3 Nxa4 17.Nxc7 Rxc7 18.Rc4 Qb5 19.Rxa4 Bd3 20.Rfa1 Qxb3 21.R4a3 Qxb2
22.Qxd3 Nb4  0-1

[Event "Stockholm Open 2015"]
[Site "Stockholm SWE"]
[Date "2015.08.17"]
[Round "3.1"]
[White "Backman,M"]
[Black "Westerberg,J"]
[Result "0-1"]
[WhiteElo "2089"]
[BlackElo "2464"]

1.d4 d5 2.c4 dxc4 3.e4 Nf6 4.e5 Nd5 5.Bxc4 Nb6 6.Bb3 Nc6 7.Nf3 Bf5 8.d5 Nb4
9.Nc3 c6 10.Nd4 Bg6 11.O-O N4xd5 12.e6 Qd6 13.exf7+ Bxf7 14.Ne4 Qg6 15.Ng5 O-O-O
16.Qg4+ Kb8 17.Qg3+ e5 18.Bc2 Qf6 19.Ne4 Qe7 20.Bg5 Nf6 21.Nf5 Qe6 22.Rfd1 Rxd1+
23.Rxd1 Nbd5 24.Nd4 Qe8 25.Nb3 Nxe4 26.Bxe4 Bd6 27.h3 h6 28.Bd2 g5 29.a4 Qe6
30.Na5 Nf4 31.Qf3 Bc7 32.Rc1 Bxa5 33.Bxa5 Bh5 34.g4 Bg6 35.Bxc6 bxc6 36.Rxc6 Ne2+
37.Kh1 e4 38.Rxe6 exf3 39.Rxg6 Nf4 40.Rg7 Nxh3 41.Bc7+ Ka8 42.Bg3 h5 43.gxh5 Rxh5
44.a5 a6 45.b4 Nxf2+ 46.Kg1 Ne4 47.Be5 f2+ 48.Kg2 Rh1 49.Rf7 Rg1+ 50.Kh2 f1=Q  0-1

[Event "26th Jozef Kochan Mem"]
[Site "Koszalin POL"]
[Date "2015.08.20"]
[Round "4.2"]
[White "Shishkin,Va UKR"]
[Black "Lebiedowicz,B"]
[Result "1-0"]
[WhiteElo "2513"]
[BlackElo "1907"]

1.d4 d5 2.c4 dxc4 3.e4 e5 4.Nf3 exd4 5.Bxc4 Nc6 6.O-O Be6 7.Bxe6 fxe6 8.Qb3 Qd7
9.Qxb7 Rb8 10.Qa6 Nf6 11.Nbd2 h6 12.b3 Bc5 13.Bb2 Bb4 14.Rac1 Rb6 15.Qd3 Bxd2
16.Nxd2 O-O 17.Nf3 Nh5 18.g3 e5 19.Nh4 Qg4 20.f3 Qh3 21.Ng2 Qe6 22.Ba3 Rf7
23.Rc5 Nb4 24.Bxb4 Rxb4 25.f4 Nf6 26.Rxe5 Qd6 27.Rc1 Rd7 28.Rec5 Qb6 29.Ne1 Qb7
30.e5 Ne8 31.Nf3  1-0

[Event "World U16 Olympiad 2015"]
[Site "Ulan Bator MGL"]
[Date "2015.08.21"]
[Round "2.4"]
[White "Zhong,Joey"]
[Black "Badelka,Olga"]
[Result "1/2-1/2"]
[WhiteElo "1924"]
[BlackElo "2186"]

1.d4 d5 2.c4 dxc4 3.e4 Nc6 4.Nf3 Bg4 5.d5 Ne5 6.Bf4 Ng6 7.Be3 Nf6 8.Nc3 e6
9.Bxc4 exd5 10.exd5 Bd6 11.Qa4+ Bd7 12.Qb3 O-O 13.O-O h6 14.Nb5 Bxb5 15.Qxb5 Ng4
16.Bd2 Nh4 17.Nd4 Nxh2 18.Rfe1 Qf6 19.Re4 Nf5 20.Bc3 Nxd4 21.Bxd4 Qg6 22.Re3 Ng4
23.Bd3 Qg5 24.Rh3 Qf4 25.Rd1 f5 26.Bc2 Rae8 27.Qd3 b6 28.g3 Qg5 29.Kg2 Qe7
30.Qf3 Qe2 31.Qxe2 Rxe2 32.Bd3 Re7 33.Rhh1 f4 34.Rhe1 f3+ 35.Kg1 Rfe8 36.Rxe7 Rxe7
37.Bf5 Ne5 38.Re1 Nf7 39.Rxe7 Bxe7 40.Bg4 Bf6 41.Bxf6 gxf6 42.Bxf3 Kf8 43.Kf1 Ke7
44.Ke2 Kd6 45.Bg2 Ne5  1/2-1/2